| Tag |
First Indicator |
Second Indicator |
Subfields |
| LEADER |
00000cam a2200000Ia 4500 |
| 001 |
in00003474521 |
| 005 |
20151206101615.0 |
| 008 |
140610s1981 mv a 000 0 rus d |
| 035 |
|
|
|a (OCoLC)ocn881252699
|
| 035 |
|
|
|a (OCoLC)881252699
|
| 040 |
|
|
|a TXA
|b eng
|c TXA
|d UtOrBLW
|
| 049 |
|
|
|a TXAM
|
| 050 |
|
4 |
|a SB950.7
|b .O86 1981
|
| 245 |
0 |
0 |
|6 880-01
|a Osnovy statisticheskoĭ obrabotki rezulʹtatov opytov v biologicheskoĭ zashchite rasteniĭ :
|b (metodicheskie ukazanii︠a︡) /
|c podgotovleny Ė.M. Mencherom.
|
| 264 |
|
1 |
|a Kishinev :
|b VIZR,
|c 1981.
|
| 300 |
|
|
|a 30 pages :
|b illustrations ;
|c 20 cm.
|
| 336 |
|
|
|a text
|b txt
|2 rdacontent
|
| 337 |
|
|
|a unmediated
|b n
|2 rdamedia
|
| 338 |
|
|
|a volume
|b nc
|2 rdacarrier
|
| 500 |
|
|
|a At head of title: Vsesoi︠u︡znai︠a︡ ordena Lenina i ordena Trudovogo Krasnogo Znameni akademii︠a︡ selʹskokhozi︠a︡ĭstvennykh nauk im. V.I. Lenina. Vsesoi︠u︡znyĭ nauchno-issledovatelʹskiĭ institut biologicheskikh metodov zashchity rasteniĭ.
|
| 650 |
|
0 |
|a Plants, Protection of
|v Statistics.
|
| 650 |
|
0 |
|a Plants, Protection of
|x Data processing.
|
| 700 |
1 |
|
|a Mencher, Ė. M.
|
| 710 |
2 |
|
|a Vsesoi͡uznyĭ nauchno-issledovatelʹskiĭ institut biologicheskikh metodov zashchity rasteniĭ (Soviet Union)
|
| 710 |
2 |
|
|a Vsesoi︠u︡znai︠a︡ akademii︠a︡ selʹskokhozi︠a︡ĭstvennykh nauk imeni V.I. Lenina.
|
| 880 |
0 |
0 |
|6 245-01
|a Основы статистической обработки результатов опытов в биологической защите растений :
|b (методические указания) /
|c подготовлены Э.М. Менчером.
|
| 948 |
|
|
|a cataloged
|b h
|c 2014/6/10
|d o
|e tchubaryan
|f 4:42:25 pm
|
| 994 |
|
|
|a C0
|b TXA
|
| 999 |
|
|
|a MARS
|
| 999 |
f |
f |
|s 2619183a-6f03-38e5-b7ac-f3a0d0d16c48
|i c106a3a1-fcb3-3c3e-88db-49828acaf1d7
|t 0
|
| 952 |
f |
f |
|p ric
|a Texas A&M University
|b Rellis Campus
|c Joint Library Facility
|d Remote Storage
|t 0
|e SB950.7 .O86 1981
|h Library of Congress classification
|i unmediated -- volume
|m A14842266356
|
| 998 |
f |
f |
|a SB950.7 .O86 1981
|t 0
|l Remote Storage
|